000 00655nam a2200229Ia 4500
003 GCL
008 140319s9999 xx 000 0 ara d
040 _aGCL /
_cGCL
082 0 4 _a923.2
_bد هـ
100 1 _aدار الهلال
245 1 0 _aالهلال - 1966 /
_cدار الهلال
300 _a194 ص
490 _aالهيئة العامة للاستعلامات
_v0
650 0 4 _aالماركسية
650 0 4 _aالاشتراكية
650 0 4 _aالتراجم
650 0 4 _aالفنون التشكيلية
650 0 4 _aالزهور
650 0 4 _aالدوريات
650 0 4 _aالسياسيون - تراجم
942 _2ddc
_cBK
999 _c51598
_d51598